000 00533nam a2200193Ia 4500
008 131103s9999 xx 000 0 und d
020 _aSBN : 582328047
040 _aLoreto College
041 _aEnglish
082 _a370.942/DEN
_b LCLIB/21258
100 _aDent,H.C.
245 _aCentury of growth in english education
_cH.C.Dent
260 _aLondon
_bLongman Group
_c1970
300 _ax,182 p.
_b illus,photos
_c 9 cm.
504 _a2nd impression 1971
650 _aEducation - England
850 _aLCLIB
942 _cBK
999 _c10314
_d60793